José Asunción Silva

Wedi'i Gadw mewn:
Manylion Llyfryddiaeth
Prif Awdur: Ghiano, Juan Carlos (Awdur)
Fformat: Llyfr
Iaith:Sbaeneg
Cyhoeddwyd: Buenos Aires Centro Editor de América Latina 1967
Rhifyn:1a. ed
Cyfres:Enciclopedia Literaria, 16
Pynciau:
Tagiau: Ychwanegu Tag
Dim Tagiau, Byddwch y cyntaf i dagio'r cofnod hwn!

MARC

LEADER 00000cam a2200000 a 4500
001 UCE3103
003 CL-VaPUC
008 140814e19670000ag |||||||||||||||||spa|d
082 0 4 |a Co863.9  |b GHI  |2 21 
100 0 |a Ghiano, Juan Carlos  |e author  |9 575610 
245 1 0 |a José Asunción Silva 
250 |a 1a. ed 
300 |a 59 p 
942 |c BK 
945 |d 20140814 14:58:00  |a arojas 
260 |a Buenos Aires  |b Centro Editor de América Latina  |c 1967 
650 0 |a Crítica literaria   |9 269189 
650 0 |a Literatura colombiana   |9 315578 
583 |a last modification  |c 20140814 14:58:00  |k Rodrigo Vera 
490 0 |a Enciclopedia Literaria, 16 
999 |c 356552  |d 356550 
952 |0 0  |1 0  |3 erb  |4 0  |6 CO_863_900000000000000_GHI_1967  |7 0  |8 A  |9 463999  |a BIBEDU  |b BIBEDU  |i 5006848  |o Co863.9 GHI 1967  |p 5006848  |r 2019-11-23  |w 2019-11-23  |y BK  |z Catalogado en:20140814  |k LIT